Structure and Fabric (Record no. 108111)

MARC details
000 -LEADER
fixed length control field 00634cam a22002175a 4500
001 - CONTROL NUMBER
control field L143225
008 - FIXED-LENGTH DATA ELEMENTS--GENERAL INFORMATION
fixed length control field 080417s1971 xxk f 000 0 eng d
020 ## - INTERNATIONAL STANDARD BOOK NUMBER
International Standard Book Number 071340521X
035 ## - SYSTEM CONTROL NUMBER
System control number (Sirsi) u143225
041 0# - LANGUAGE CODE
Language code of text/sound track or separate title eng
050 04 - LIBRARY OF CONGRESS CALL NUMBER
Classification number 690 $2 18
100 1# - MAIN ENTRY--PERSONAL NAME
Personal name Foster, Jack Stroud
245 00 - TITLE STATEMENT
Title Structure and Fabric
Remainder of title part 1
250 ## - EDITION STATEMENT
Edition statement Reprinted 1975
260 ## - PUBLICATION, DISTRIBUTION, ETC.
Place of publication, distribution, etc. London
Name of publisher, distributor, etc. B. T. Batsford
Date of publication, distribution, etc. 1971
300 ## - PHYSICAL DESCRIPTION
Extent 264p.
Other physical details ill.
Dimensions 25cm.
490 #0 - SERIES STATEMENT
Series statement Mitchell's Building Construction
651 #4 - SUBJECT ADDED ENTRY--GEOGRAPHIC NAME
Geographic name United Kingdom
690 ## - LOCAL SUBJECT ADDED ENTRY--TOPICAL TERM (OCLC, RLIN)
Topical term or geographic name as entry element BUILT ENVIRONMENT-BUILDING ELEMENTS-PARTS OF BUILDING ELEMENTS-CARCASS, STRUCTURE AND FABRIC
942 ## - ADDED ENTRY ELEMENTS (KOHA)
Suppress in OPAC 0
Holdings
Withdrawn status Lost status Source of classification or shelving scheme Damaged status Not for loan Home library Current library Shelving location Date acquired Total Checkouts Full call number Barcode Date last seen Copy number Price effective from Koha item type
    Dewey Decimal Classification     London London Basement 17/04/2008   SHELF 443 30072525 06/08/2019 1 06/08/2019 Book